000 01243nab a2200241 i 4500
001 768714001
003 CO-MdFUSB
005 20240719100515.0
008 240719t1986 enk||||| |||| 00| 0 eng d
040 _bspa
_cCO-MdFUSB
_dCO-MdFUSB
041 _aeng
100 _aElizondo, Virgil,
_eautor
245 _aI forgive but I do not forget
_c/ Virgil Elizondo
520 _a¿Es posible perdonar sin olvidar? la verdadera virtud esta en perdonar precisamente recordando. Sin embargo, si se pudiera olvidar, no se tendría que perdonar... ni siquiera sería necesario. Pero, recordando muy bien la ofensa, se podría perdonar con todo el corazón. Ése es el verdadero objetivo del perdón. Porque perdonar no es olvidar, sino liberarse de la ira interna, el resentimiento y la búsqueda de venganza que consume cada fibra del ser.
546 _aTexto en inglés.
650 7 _aPerdón
_9303
650 7 _aDios
_9178
650 0 _aVida espiritual
_951
650 0 _aTeología práctica
_9180
773 0 _070507
_982834
_dLondres : Board, 1966.
_oR2686
_tConcilium :
_w(CO-MdFUSB)768714001
_x0010-5236
_gVolumen 184, (número 2, 1986), páginas: 69 - 79
_qpágina: 69
942 _cANA
945 _aCatherine Arias Álvarez - Practicante SENA
999 _c70538
_d70538